ՀՀ Գիտությունների ազգային ակադեմիայի հիմնարար գիտական գրադարան  =   Fundamental Scientific Library of NAS RA

Фармацевтическая химия : (Record no. 178942)

MARC details
000 -LEADER
fixed length control field 00787nam a2200193 u 4500
001 - CONTROL NUMBER
control field 000486361
003 - CONTROL NUMBER IDENTIFIER
control field AM-YeHGA
005 - DATE AND TIME OF LATEST TRANSACTION
control field 20250617134251.0
008 - FIXED-LENGTH DATA ELEMENTS--GENERAL INFORMATION
fixed length control field 060502s2005 r 000 0 rus d
040 ## - CATALOGING SOURCE
Original cataloging agency AM-YeHGA
041 0# - LANGUAGE CODE
Language code of text/sound track or separate title rus
090 ## - LOCALLY ASSIGNED LC-TYPE CALL NUMBER (OCLC); LOCAL CALL NUMBER (RLIN)
-- 180390
245 00 - TITLE STATEMENT
Title Фармацевтическая химия :
Remainder of title Учебное пособие для вузов /
Statement of responsibility, etc. Под ред. А.П. Арзамасцева.
250 ## - EDITION STATEMENT
Edition statement 2-е изд., испр.
260 ## - PUBLICATION, DISTRIBUTION, ETC.
Place of publication, distribution, etc. Москва :
Name of publisher, distributor, etc. ГЭОТАР-Медиа,
Date of publication, distribution, etc. 2005.
300 ## - PHYSICAL DESCRIPTION
Extent 640 с. :
Other physical details ил.
650 14 - SUBJECT ADDED ENTRY--TOPICAL TERM
Topical term or geographic name entry element Практическая фармация, фармацевтическая практика. Приготовление лекарственных средств
700 1# - ADDED ENTRY--PERSONAL NAME
Personal name Арзамасцева, А.П.
Relator term ред.
Relationship edt
Holdings
Withdrawn status Lost status Source of classification or shelving scheme Damaged status Not for loan Collection Home library Current library Date acquired Total checkouts Full call number Barcode Date last seen Copy number Price effective from Koha item type Public note
    Universal Decimal Classification     Reading Hall Fundamental Scientific Library Fundamental Scientific Library 28/12/2016   Р2/651939 120651939 28/12/2016 RH1-22/2/21 28/12/2016 Գրքեր / Books ILL Non-Circ.


ՀՀ ԳԱԱ հիմնարար գիտական գրադարան
ՀՀ,Երևան 0019
Մարշալ Բաղրամյան 24/6
հեռախոս:(374-10) 52-47-50
Հետադարձ կապ

All site content, except where otherwise noted, is licensed under a
Creative Commons License